National Anthem of Turkey - "İstiklal Marşı" - Statistics

General Stats
  • This quiz has been taken 52 times
  • The average score is 38 of 52
Answer Stats
Answer % Correct
bu
97%
Korkma!
97%
Sönmez
97%
şafaklarda
92%
al
89%
sancak,
89%
yüzen
89%
O
82%
sönmeden
82%
benim
79%
en
79%
ocak.
79%
son
79%
tüten
79%
yurdumun
79%
istiklal!
76%
milletimin
76%
o
76%
üstünde
74%
Çatma,
71%
Hakk'a
71%
hilal!
71%
olayım,
71%
parlayacak;
71%
tapan
71%
ancak.
68%
benimdir,
68%
bu
68%
bu
68%
çehreni
68%
celal?
68%
ey
68%
kurban
68%
milletimin
68%
ne
68%
o
68%
Sana
68%
şiddet,
68%
yıldızıdır,
68%
benim
66%
bir
66%
dökülen
66%
gül;
66%
Hakkıdır,
66%
ırkıma
66%
Kahraman
66%
milletimindir
66%
nazlı
66%
olmaz
66%
helal...
63%
kanlarımız
63%
sonra
61%
No matching quizzes found
Score Distribution
Percent of People with Each Score
Percentile by Number Answered
Your Score History
You have not taken this quiz